000 00471nam a2200181Ia 4500
005 20250423101713.0
008 250422s9999 xx 000 0 und d
020 _a9780443067676
050 _aRB 111 .Y68/
100 _aYoung, Barbara
245 0 _aWheater’s basic pathology: a text, atlas and review of histopathology
250 _a5th ed.
260 _bChurchill Livingstone
260 _c2011
300 _a337 p
650 _a Pathology.
942 _cBK
999 _c37027
_d37027